1510 1084 1714 1052 1882 1799 1396 1444 1656 1942 1663 1331 1765 1695 1975 1946 1980 1275 1191 1267 1835 1465 1984 1553 1287 1961 1176 1150 1720 1520 1754 1179 1496 1426 1782 1761 1760 1847 1135 1383 1895 1373 1635 1011 1369 1049 1998 1856 1683 1181 1976 1080 1168 1479 1327 1728 1205 1293 1625 1195 1836 1116 1474 1326 1254 1621 1450 1967 1629 1923 1308 1178 1751 1354 1776 1369 1795 1445 1458 1426 1279 1942 1749 1348 1353 1334 1922 1174 1984 1048 1078 1371 1904 1142 1588 1072 1616 1597 1922 BCNSPRNW ULIB Ver.6.0+V

เปลี่ยนเป็นภาษาไทย

Change to English
 แสดงรายละเอียดบรรณานุกรม
  กลับหน้าหลัก

Brief Record : Get Marc (ISO 2709) : E-mail record : QR code < ปิดหน้าต่าง
LEADER : 00000nam 2200000uu 4500
001    13399125625
003     ULIB
008    170711s||||||||th 000 0 tha d
020    ^a9786164030121
040    ^abrv
041 0  ^atha^heng
060 04 ^aWT104^bฟ651ต
100 1  ^aเฟอร์แมน, โจเอล
245 10 ^aโตไป--ไกลโรค =^bDisease-proof your child /^cผู้เขียน โจเอลเฟอร์แมน ; ผู้แปลและเรียบเรียง สุธีรา เอื้อไพโรจน์กิจ
246 30 ^aโตไป...ไกลโรค
246 31 ^aDisease-proof your child
250    ^aพิมพ์ครั้งที่ 1
260    ^aกรุงเทพฯ :^bฟรีมายด์,^c2559
300    ^a316 หน้า :^bภาพประกอบ ;^c21 ซม.
650  4 ^aการดูแลสุขภาพ
650  4 ^aโภชนาการ
650  4 ^aเด็ก^xโภชนาการ
650  4 ^aเด็ก^xสุขภาพและอนามัย
650  4 ^aสุขภาพ
650  4 ^aสุขภาพและอนามัย
700 0  ^aสุธีรา เอื้อไพโรจน์กิจ,^eผู้แปล
945    ^p0^l0^i002602
999    ^aประนอม เกษจรัล
รายการนี้ยังไม่มีแท็ก
คุณยังไม่ได้ล็อกอิน คุณสามารถมีกิจกรรมร่วมกับเว็บไซต์ได้ แต่ต้องล็อกอินก่อน ::
  ล็อกอิน

รายการสื่อสารสนเทศ

ลำดับที่ ประเภท เลขเรียก/บาร์โค้ด สถานที่ สถานะ
1. วิทยาศาสตร์การแพทย์ และสุขภาพ
วิทยาศาสตร์การแพทย์ และสุขภาพ
สถานะ=หนังสือเก่า
WT104 ฟ651ต ฉ.1 
  Barcode: 002602
ห้องสมุดวิทยาเขตสวรรค์ประชารักษ์
►ส่วนจัดเก็บหนังสือเก่า สปร
บนชั้น
  ขอยืม

รายการใกล้เคียง
    ผู้แต่ง [เฟอร์แมน, โจเอล]

    หัวเรื่อง [การดูแลสุขภาพ]
    หัวเรื่อง [โภชนาการ]
    หัวเรื่อง [สุขภาพ]
    หัวเรื่อง [สุขภาพและอนามัย]

BibComment


ยังไม่เคยถูกคอมเมนท์

คอมเมนท์ทรัพยากรรายการนี้
  คอมเมนท์: โตไปไกลโรค Dise..


 Copyright 2026. Bcnsprnw @Library